000 00894cam a22002897a 4500
003 CHAP
005 20220329141610.0
008 971013s1946 r 00010 d
010 _a70767
011 _a71739
035 _a81293
040 _cCHAP
082 _a633.61
_bA3
100 0 0 _aAgete y Piñero, Fernando.
_91124
245 1 3 _aLa caña de azúcar en Cuba
260 _aLa Habana :
_bMinisterio de Agricultura,
_c1946
300 _a2 v.
_b: ilus.
590 _aBATCH-UPD
_b10
_c20130110
_lUCH01
_h0650
590 _aBATCH-UPD
_b10
_c20130410
_lUCH01
_h0335
590 _aBATCH-UPD
_b10
_c20130913
_lUCH01
_h1955
590 _aCONVERSION
_b10
_c20130109
_lUCH01
_h1339
650 1 4 _aCaña de azúcar
_xCuba.
_918593
901 _aBK
942 _cLIBRO
949 _a633.61 A3
_bBC
_cBPA
_d-34543
_eBPA
_fv.1
_h22740
_i81293
_si
949 _a633.61 A3
_bBC
_cBPA
_d-34544
_eBPA
_fv.2
_h22741
_i81293
_si
999 _c70767
_d70767